[Event "6th Shamkir Chess 2019"]
[Site "Shamkir"]
[Date "2019.04.01"]
[Round "2.5"]
[White "Topalov, Veselin"]
[Black "Navara, David"]
[Result "1/2-1/2"]
[WhiteElo "2740"]
[BlackElo "2739"]
[Annotator "TA"]
[PlyCount "109"]
[EventDate "2019.03.31"]
[EventType "tourn"]
[EventCountry "AZE"]
[SourceTitle "playchess.com"]
[Source "ChessBase"]
[SourceQuality "1"]

{[%evp 11,109,0,0,0,27,19,42,57,40,45,49,44,62,62,56,52,54,29,39,29,39,29,37,43,44,41,77,52,67,63,79,59,25,22,28,36,22,-6,36,38,79,81,83,86,85,88,80,46,64,0,0,0,22,14,21,11,11,12,13,12,11,11,19,15,13,11,11,11,17,18,19,20,16,21,42,8,17,8,8,8,11,0,0,0,0,0,0,0,0,0,0,0,0,0,0,0,0,0,0,0]} 1. e4 c6 2. d4 d5 3. e5 c5 4. dxc5 e6 5. a3 (5. Nf3 Bxc5 6. a3 Ne7 7. Bd3 Ng6 8. O-O O-O 9. Nbd2 Nc6 10. b4 Bb6 11. Bxg6 fxg6 12. Nb3 Bd7 13. Re1 {1-0 (29) Anand,V (2773)-Mamedyarov,S (2817) Wijk aan Zee 2019}) 5... Bxc5 6. Qg4 {B12: Caro-Kann: Advance Variation} Ne7 {LiveBook: 10 Games} 7. Nf3 Qb6 $146 ({Predecessor:} 7... Nf5 8. Bd3 h5 9. Qf4 Nc6 10. Bxf5 exf5 11. Qg3 g6 12. Bg5 Qa5+ {0-1 (42) Bartel,M (2604)-Vaibhav,S (2556) Biel 2018}) 8. Bd3 $1 {White has an edge.} Nbc6 9. O-O {Strongly threatening Nc3.} Ng6 10. Nc3 Qc7 11. Re1 O-O {[%cal Rc6e5]} 12. Qh5 Bd7 13. b4 ({Reject} 13. Ng5 $6 h6 $11) 13... Be7 14. Bd2 f5 {[%cal Rc6e5]} 15. exf6 Bxf6 16. Rac1 Nd4 17. Nxd4 Bxd4 18. Nd1 Qb6 {[%cal Rd4f2]} 19. Be3 e5 20. c3 Bxe3 21. Nxe3 Rae8 22. Bb1 d4 23. cxd4 exd4 24. Nc4 Qf6 25. f3 Rxe1+ 26. Rxe1 Bf5 27. Bxf5 Qxf5 28. Qxf5 Rxf5 $16 {[%mdl 4096] Endgame KRN-KRN} 29. Re8+ Rf8 30. Rxf8+ ({White should play} 30. Re4 $14) 30... Kxf8 $14 {KN-KN} 31. Nd6 Nf4 32. Kf2 d3 {[#] White must now prevent ...d2.} 33. Ke3 {Threatens to win with g3.} (33. Ne4 {seems wilder.} Ke7 34. g3 Nd5 35. Nc5 d2 36. Ke2) 33... Nxg2+ 34. Kxd3 Ne1+ 35. Ke4 Nc2 $1 36. Nxb7 Nxa3 37. Nd8 Nc2 38. Nc6 a6 $1 39. Kd3 Ne1+ 40. Ke2 Nc2 41. Kd2 Na3 42. Kd3 Nb5 43. Nb8 Nc7 {The position is equal.} 44. Ke4 Ke7 45. Ke5 Kd8 46. h4 g6 47. f4 Ke7 48. Nc6+ Kd7 49. Nd4 Ke7 50. Nc2 Ne8 51. Ne3 Nf6 52. f5 Kf7 53. Nc4 gxf5 54. Kxf5 Nd5 55. b5 {Precision: White = 71%, Black = 74%.} 1/2-1/2

[Event "6th Shamkir Chess 2019"]
[Site "Shamkir"]
[Date "2019.04.02"]
[Round "3.1"]
[White "Grischuk, Alexander"]
[Black "Giri, Anish"]
[Result "1/2-1/2"]
[WhiteElo "2771"]
[BlackElo "2797"]
[Annotator "TA"]
[PlyCount "43"]
[EventDate "2019.03.31"]
[EventType "tourn"]
[EventCountry "AZE"]
[SourceTitle "playchess.com"]
[Source "ChessBase"]
[SourceQuality "1"]

{[%evp 17,43,0,-6,-13,23,0,0,0,0,0,0,0,0,0,0,0,0,0,0,0,0,0,0,0,0,0,0,0]} 1. d4 Nf6 2. c4 e6 3. Nf3 d5 4. Nc3 Bb4 5. Bg5 h6 6. Bxf6 Qxf6 7. e3 O-O 8. a3 Bxc3+ 9. bxc3 c5 10. g4 $146 {D38: Queen's Gambit Declined: Ragozin Defence (4 Nf3 Bb4)} ({Predecessor:} 10. Be2 dxc4 11. O-O Qe7 12. Bxc4 Nc6 13. Re1 Rd8 14. Qd3 b6 15. Rad1 Bb7 16. Ba2 Qf6 17. h4 Ne7 {½-½ (33) Beliavsky,A (2623)-Mchedlishvili,M (2586) Jerusalem 2015}) 10... cxd4 11. cxd4 dxc4 {The position is equal.} 12. Bxc4 b6 13. g5 hxg5 14. Rg1 Ba6 15. Bxa6 Nxa6 16. Nxg5 {And now Qd3 would win.} Qf5 17. e4 Qa5+ 18. Kf1 {[#] Strongly threatening Qh5.} Qb5+ 19. Ke1 {Black must now prevent Qh5.} Qa5+ 20. Kf1 Qb5+ 21. Ke1 {aiming for Qh5.} Qa5+ 22. Kf1 1/2-1/2

[Event "6th Shamkir Chess 2019"]
[Site "Shamkir"]
[Date "2019.04.02"]
[Round "3.2"]
[White "Karjakin, Sergey"]
[Black "Topalov, Veselin"]
[Result "1/2-1/2"]
[WhiteElo "2753"]
[BlackElo "2740"]
[Annotator "TA"]
[PlyCount "64"]
[EventDate "2019.03.31"]
[EventType "tourn"]
[EventCountry "AZE"]
[SourceTitle "playchess.com"]
[Source "ChessBase"]
[SourceQuality "1"]

{[%evp 17,64,0,0,1,20,2,18,14,31,7,12,6,10,12,13,14,22,25,22,13,8,1,12,17,18,19,12,0,0,0,-3,0,0,0,20,0,0,0,0,0,0,0,0,0,0,0,0,0,0]} 1. e4 e5 2. Nf3 Nc6 3. Bc4 Bc5 4. c3 Nf6 5. d4 exd4 6. e5 d5 7. Bb5 Ne4 8. cxd4 Bb6 9. Nc3 O-O 10. Be3 {C54: Giuoco Piano: 4 c3 Nf6, main lines with 5 d4 and 5 d3} Ba5 (10... Bg4 11. h3 Bh5 12. Qc2 Bg6 13. Qb3 Ne7 14. O-O c6 15. Bd3 Nd2 16. Nxd2 Bxd3 17. Rfd1 Bg6 {0-1 (58) Aronian,L (2767)-Nakamura,H (2777) chess.com INT 2018}) 11. Qb3 Bxc3+ $146 ({Predecessor:} 11... f6 12. O-O-O Bxc3 13. bxc3 Na5 14. Qc2 Qe7 15. Kb1 Bf5 16. Bd3 Qa3 {0-1 (61) Mircov,N (1797)-Valladolid Martin,F (1878) Caleta 2019}) 12. bxc3 Na5 13. Qb4 b6 14. O-O Bf5 15. Rfc1 Rc8 16. Ba6 Rb8 17. Bd3 Re8 18. h3 {The position is equal.} c6 19. Bf4 Rb7 20. Qb2 b5 {[%cal Bb6b5,Bb5b4][%mdl 32]} 21. Qe2 Nc4 22. Ng5 Nxg5 23. Bxf5 Ne6 24. Bg3 b4 25. Qg4 Qb8 26. h4 a5 27. h5 Qa7 28. Rab1 Nd2 29. Rb2 $1 {[%cal Rb2d2]} Nc4 30. Rb3 Nd2 31. Rb2 Nc4 32. Rb3 Nd2 {Accuracy: White = 56%, Black = 63%.} 1/2-1/2

[Event "6th Shamkir Chess 2019"]
[Site "Shamkir"]
[Date "2019.04.02"]
[Round "3.3"]
[White "Navara, David"]
[Black "Carlsen, Magnus"]
[Result "0-1"]
[WhiteElo "2739"]
[BlackElo "2845"]
[Annotator "TA"]
[PlyCount "116"]
[EventDate "2019.03.31"]
[EventType "tourn"]
[EventCountry "AZE"]
[SourceTitle "playchess.com"]
[Source "ChessBase"]
[SourceQuality "1"]

{[%evp 19,116,0,4,0,22,0,1,0,40,37,46,8,18,0,0,0,0,0,0,-102,-96,-87,-87,-87,-85,-85,-85,-85,-85,-176,-122,-183,-188,-170,-182,-186,-179,-182,-170,-173,-57,-115,0,-164,-140,-145,-133,-134,-123,-139,-139,-139,-139,-149,-149,-163,-167,-159,-160,-168,-168,-156,-155,-153,-150,-191,-191,-178,-185,-149,-137,-166,-176,-746,-278,-812,-660,-579,-406,-375,-375,-29970,-29970,-29972,-29973,-29972,-29974,-29970,-29973,-29973,-29974,-29974,-29975,-29978,-29979,-29986,-29987,-29987,-29988]} 1. e4 c5 2. Nf3 Nc6 3. d4 cxd4 4. Nxd4 Nf6 5. Nc3 e5 6. Ndb5 d6 7. Nd5 Nxd5 8. exd5 Nb8 9. a4 Be7 10. Be2 O-O 11. O-O {B33: Sicilian: Pelikan and Sveshnikov Variations} Nd7 12. Kh1 (12. b4 a6 13. Na3 a5 14. bxa5 Rxa5 15. Nc4 Ra8 16. Be3 f5 17. a5 f4 18. Bb6 Qe8 {½-½ (54) Caruana,F (2832)-Carlsen,M (2835) London 2018}) 12... a6 13. Na3 {[#] The position is equal.} a5 $146 ({Predecessor:} 13... f5 14. f4 Qc7 15. Nc4 b6 16. Ra3 Bf6 17. Be3 e4 18. a5 b5 19. Nb6 Rb8 20. c4 b4 21. Ra2 Nxb6 22. axb6 Rxb6 {½-½ (44) Maerten,T (2502)-Gleichmann,M (2550) GER email 2015}) 14. f4 f5 15. Nc4 b6 16. Ra3 exf4 17. Bxf4 Nc5 $1 18. Re3 {Threatening Rxe7.} g5 19. Rxe7 (19. Rg3 $1 $11 {remains equal.}) 19... gxf4 $17 20. Re6 Nxe6 21. dxe6 Bxe6 22. Rxf4 Bxc4 23. Bxc4+ Kh8 24. g4 (24. b3 $17) 24... Qf6 (24... Qe7 $19 25. gxf5 Qe5) 25. c3 (25. b3 $17 {might work better.}) 25... Qe5 $19 26. Qf1 Rae8 27. gxf5 Rf6 28. Qf2 Qc5 29. Kg2 Qc6+ (29... Ref8 $19 {[%cal Rf6f5]} 30. Bd3 Rg8+ 31. Kh1 Qxf2 32. Rxf2 Rg4) 30. Kh3 ({Better is} 30. Kg3 $15) 30... Qc5 ({Much weaker is} 30... Qxa4 $6 31. Qd4 $11) 31. Kg2 $1 Qxf2+ 32. Rxf2 {[%mdl 4096] Endgame KRR-KRB} Re4 33. Be6 Rxa4 34. Kf3 Kg7 35. Rd2 Kh6 36. Rxd6 Kg5 $1 37. Rd8 Rh6 {White must now prevent ...Rh3+.} 38. Rg8+ Kf6 39. Rb8 Rxh2 40. Rxb6 {And now Bd7+ would win.} Kg5 41. f6 Rf4+ {[%mdl 64] Double Attack} 42. Kg3 Rhf2 {[%csl Gf2][%cal Rf4f3]} 43. Rb5+ Kxf6 44. Bg4 a4 45. c4 {[#]} Kg6 $1 ({Don't do} 45... Rxc4 46. Rb6+ Kg7 47. Kxf2 $15) 46. c5 $2 (46. Bh5+ Kf6 47. Bg4) 46... a3 $2 (46... h5 47. Bxh5+ Kxh5 48. c6+ Kh6) 47. bxa3 $2 (47. c6 Rxb2 48. Ra5) 47... h5 48. Rb4 Rf8 49. Bd1 Rd2 50. Bf3 $2 (50. Rb1 $19 Kg5 51. c6) 50... Rd3 $1 {[%csl LRa3,LRf3][%mdl 64] Double Attack. Black mates.} 51. Rf4 {[#]} h4+ $1 {[%mdl 512]} 52. Kg4 (52. Rxh4 Rfxf3+) 52... Rxf4+ 53. Kxf4 Rxa3 {KR-KB} 54. c6 Rc3 55. Bd5 h3 56. Ke5 {[#]} Rc5 $1 57. Kd6 {[#]} Rxd5+ $1 {[%mdl 576] Promotion} 58. Kxd5 h2 {Accuracy: White = 48%, Black = 64%.} 0-1

[Event "6th Shamkir Chess 2019"]
[Site "Shamkir"]
[Date "2019.04.02"]
[Round "3.4"]
[White "Radjabov, Teimour"]
[Black "Ding, Liren"]
[Result "1/2-1/2"]
[WhiteElo "2756"]
[BlackElo "2812"]
[Annotator "TA"]
[PlyCount "86"]
[EventDate "2019.03.31"]
[EventType "tourn"]
[EventCountry "AZE"]
[SourceTitle "playchess.com"]
[Source "ChessBase"]
[SourceQuality "1"]

{[%evp 26,86,37,16,28,42,38,14,14,14,14,14,150,14,15,14,14,14,14,14,14,14,14,14,14,14,14,14,14,14,14,14,14,14,14,14,14,0,0,0,0,0,3,0,8,8,8,8,8,8,8,8,8,0,0,0,0,0,0,0,0,0,0]} 1. e4 e5 2. Nf3 Nc6 3. Bb5 a6 4. Ba4 Nf6 5. O-O Be7 6. Re1 b5 7. Bb3 O-O 8. c3 d5 9. exd5 Nxd5 10. Nxe5 Nxe5 11. Rxe5 c6 12. d3 Bd6 13. Re1 Bf5 14. Qf3 Qh4 {C89: Closed Ruy Lopez: Marshall Attack} 15. g3 Qh3 16. Nd2 (16. Be3 Bxd3 17. Nd2 Qf5 18. Bd4 Rfd8 19. Qxf5 Bxf5 20. Ne4 Bf8 21. f3 h6 22. Rad1 {½-½ (87) Saric,I (2690)-Navara,D (2738) Caleta 2019}) 16... Rae8 $1 {[%cal Re8e1]} 17. Ne4 Bg4 18. Qg2 Qxg2+ 19. Kxg2 f5 {The position is equal.} 20. h3 Bh5 ({Of course not} 20... fxe4 $6 21. hxg4 exd3 22. Rxe8 $16) 21. Bf4 Bxf4 22. gxf4 fxe4 23. dxe4 {[#]} Bf3+ $146 {[%mdl 576] Decoy} 24. Kxf3 Rxf4+ 25. Kg3 Rfxe4 26. Rxe4 Rxe4 $11 {[%mdl 4096] Endgame KRB-KRN} 27. f3 Re2 28. c4 bxc4 29. Bxc4 {[%mdl 64] [#] Double Attack} Rxb2 30. Bxa6 g5 31. Bc4 Kg7 {White should prevent ...Ne3.} 32. Bxd5 cxd5 {KR-KR} 33. a4 {[%cal Ba2a4,Ba4a5,Ba5a6][%mdl 32]} h5 34. h4 Kg6 35. a5 {And now hxg5 would win.} Rb7 36. a6 Ra7 37. hxg5 Kxg5 38. Ra5 h4+ 39. Kh3 Kf4 40. Rxd5 Rxa6 41. Kxh4 Rh6+ 42. Rh5 Rxh5+ 43. Kxh5 Kxf3 {Accuracy: White = 78%, Black = 91%.} 1/2-1/2

[Event "6th Shamkir Chess 2019"]
[Site "Shamkir"]
[Date "2019.04.02"]
[Round "3.5"]
[White "Anand, Viswanathan"]
[Black "Mamedyarov, Shakhriyar"]
[Result "1-0"]
[WhiteElo "2779"]
[BlackElo "2790"]
[Annotator "TA"]
[PlyCount "125"]
[EventDate "2019.03.31"]
[EventType "tourn"]
[EventCountry "AZE"]
[SourceTitle "playchess.com"]
[Source "ChessBase"]
[SourceQuality "1"]

{[%evp 11,125,14,15,23,33,5,39,11,2,16,3,13,14,0,0,0,0,0,0,0,13,6,8,0,5,-18,-7,0,0,-18,-9,-13,-20,-22,-25,-77,-77,-66,-56,-66,-70,-110,-119,-218,-106,-87,0,-217,-206,-179,-87,-267,-261,-278,-274,-282,-276,-268,-260,-232,-14,-13,-12,-12,-12,-33,-32,-41,-14,-14,99,140,167,167,183,202,193,202,296,295,302,243,304,281,293,282,302,301,311,284,303,257,285,300,295,283,310,321,362,355,372,339,974,329,1279,1158,1136,388,1660,1417,2105,1604,2242,4710,2502,1835]} 1. e4 e5 2. Nf3 Nc6 3. Bc4 Bc5 4. O-O Nf6 5. d3 d6 6. c3 a6 7. a4 {C54: Giuoco Piano: 4 c3 Nf6, main lines with 5 d4 and 5 d3} Ba7 (7... O-O 8. Re1 h6 9. h3 a5 10. Nbd2 Be6 11. b3 d5 12. exd5 Nxd5 13. Ne4 Bb6 14. Ra2 f5 15. Ng3 Qf6 16. Nxe5 Nxe5 {½-½ (40) Ding,L (2813)-Anand,V (2773) Wijk aan Zee 2019}) 8. Na3 Ne7 9. Nc2 {White is slightly better.} Ng6 10. Be3 Bxe3 11. Nxe3 O-O 12. Qc2 c6 13. a5 $146 ({Predecessor:} 13. b4 d5 {0-1 (26) Vergara Jofre,F (2234)-Arvola,B (2469) Barcelona 2017}) 13... d5 14. Bb3 Be6 15. exd5 cxd5 16. d4 e4 17. Ne5 Qd6 18. f4 exf3 $1 19. Nxf3 Rae8 20. Rfe1 Bd7 21. g3 h6 22. Qg2 Re7 23. Nc2 (23. Bc2 $11) 23... Rfe8 $17 24. Nb4 Bb5 25. Rxe7 Rxe7 26. Bd1 h5 27. Qh3 {[#]} (27. Nc2 $17) 27... Bd7 (27... h4 $1 $19 {[%mdl 512] has better winning chances.} 28. Bc2 (28. Nxh4 Re1+) 28... Bd7) 28. Qg2 {[#]} Bb5 (28... h4 $1 $17 {[%mdl 512]} 29. Bc2 (29. Nxh4 Re1+) 29... hxg3 30. hxg3 Ne4) 29. Qh3 $19 {[#]} h4 $1 {[%mdl 512]} 30. Bc2 (30. Nxh4 Re1+) 30... hxg3 (30... Re3 $1 $19 {[%cal Re3f3] is more deadly.} 31. Nxh4 Nxh4 32. Qxh4 Qe6) 31. Qxg3 $2 (31. Bxg6 $17 gxh2+ 32. Qxh2 Qxh2+ 33. Kxh2 Re2+ {[%mdl 64] Double Attack} 34. Kg1 fxg6 35. Re1) 31... Nf4 32. Kh1 Re3 33. Rg1 {[%csl Gg1][%cal Rg3g7]} g6 34. Qf2 Re2 35. Qh4 Ne4 $2 (35... N6h5 $1 $19 {Threatens to win with ...Qe6.} 36. Bd1 Rxb2) 36. Bxe4 $1 $11 dxe4 37. Ne5 $1 Nd3 38. Qh8+ $1 {[%mdl 64] Decoy} Kxh8 39. Nxf7+ {[%mdl 64] Double Attack} Kh7 {[%csl Gd6][%cal Re2h2]} 40. Nxd6 Bd7 (40... Nf4 $11) 41. Nxe4 $1 $16 Bf5 42. Ng5+ $1 Kh6 {White must now prevent ...Nf2+.} 43. Nxd3 $1 Bxd3 $18 {[%mdl 4096] Endgame KRB-KRN} 44. Rg3 $1 Re1+ (44... Bc4 $142 45. b4 Rc2) 45. Kg2 Re2+ 46. Kg1 Re1+ 47. Kf2 $1 Re2+ 48. Kf3 $1 Rxb2 49. Kf4 Bf5 50. Ke5 Rxh2 51. Nf7+ Kg7 52. Nd6 Re2+ {[#]} 53. Kd5 $1 Kf6 54. c4 Re7 55. Rf3 Rd7 56. c5 Re7 $2 (56... Rd8 57. Kc4 Rd7) 57. Rf2 $2 (57. Nxf5 gxf5 58. Kd6) 57... Rh7 $2 (57... Rd7 58. Kc4 Rh7) 58. Nxf5 gxf5 {[#]} 59. Kd6 $1 Rh8 $2 (59... Kf7 60. Rxf5+ Ke8) 60. Rd2 {White is clearly winning.} f4 61. Kc7 Rh7+ 62. Kc8 f3 63. d5 {Accuracy: White = 63%, Black = 39%.} 1-0

[Event "6th Shamkir Chess 2019"]
[Site "Shamkir"]
[Date "2019.04.03"]
[Round "4.1"]
[White "Mamedyarov, Shakhriyar"]
[Black "Navara, David"]
[Result "1/2-1/2"]
[WhiteElo "2790"]
[BlackElo "2739"]
[Annotator "TA"]
[PlyCount "170"]
[EventDate "2019.03.31"]
[EventType "tourn"]
[EventCountry "AZE"]
[SourceTitle "playchess.com"]
[Source "ChessBase"]
[SourceQuality "1"]

{[%evp 14,170,0,0,6,10,17,21,13,11,0,0,0,0,3,-6,-14,-16,0,-6,-2,-14,0,-4,0,0,0,0,0,9,46,50,50,63,79,-33,-37,-16,-18,-37,-59,-72,-85,-63,-70,-69,-66,-80,-35,-81,-79,-139,-131,-132,-127,-131,-104,-102,-67,-68,-68,-68,-76,-156,-151,-130,-148,-137,-99,-229,-229,-229,-229,-229,-229,-229,-229,-229,-229,-229,-229,-227,-187,-187,-103,-121,-96,-96,-96,-96,0,-96,0,-187,0,-222,-208,-229,-229,-229,-218,-196,-196,-196,-185,-171,-74,-80,-80,-163,-53,-53,-53,-53,-29,-43,0,0,0,0,0,0,0,0,0,0,0,-29967,0,0,0,0,0,0,0,0,0,0,0,0,0,0,0,0,0,0,0,0,0,0,0,0,0,0,0,0,0,0,0]} 1. d4 Nf6 2. c4 e6 3. Nc3 Bb4 4. Nf3 d5 5. Bg5 h6 6. Bh4 dxc4 7. a3 {D38: Queen's Gambit Declined: Ragozin Defence (4 Nf3 Bb4)} Bxc3+ 8. bxc3 {LiveBook: 7 Games} Nbd7 9. e3 b5 10. a4 $1 c6 11. Qb1 Qa5 $146 ({Predecessor:} 11... a6 12. Be2 O-O 13. O-O Qe8 14. Re1 Nd5 {0-1 (30) Mamedyarov,S (2817)-Vidit,S (2695) Wijk aan Zee 2019}) 12. Qb2 Ne4 13. axb5 Qxb5 14. Qc1 c5 15. Be2 O-O 16. O-O Bb7 17. Rb1 Qc6 18. Bxc4 cxd4 19. Bb5 Qc7 20. cxd4 Rfc8 21. Qb2 {Bxd7 is the strong threat.} Nb6 22. Rfc1 Qd6 23. Ne5 g5 24. f3 (24. Bg3 $16) 24... gxh4 $15 25. fxe4 Bxe4 26. Qf2 Qe7 27. Ra1 Rxc1+ 28. Rxc1 {With the idea Qf4.} Nd5 29. Bd3 Bxd3 30. Nxd3 Qf6 (30... a5 {keeps more tension.} 31. e4 Nb4 32. Ne5 a4 33. Qf4 a3) 31. Qxf6 Nxf6 {[%mdl 4096] Endgame KRN-KRN} 32. Kf2 (32. Ra1 $142) 32... a5 $17 33. Ra1 a4 34. Ra3 Ne4+ 35. Ke1 Rb8 36. Nc5 Rb1+ 37. Ke2 Rb2+ 38. Kd3 (38. Ke1 $142 Nd6 39. Rxa4) 38... Nf6 39. Rxa4 Rxg2 40. d5 Rg5 ({But not} 40... Rxh2 $6 41. d6 $11) 41. Ne4 (41. e4 $17) 41... Rxd5+ $19 42. Ke2 Nxe4 43. Rxe4 {KR-KR} h3 44. Rh4 Kg7 45. Rxh3 Kg6 $1 46. Rh4 Rh5 $1 {[%cal Rh5h4]} 47. Rg4+ Rg5 48. Rh4 {[#]} Rf5 (48... f5 $1 $19 49. Kf3 Rh5) 49. Rg4+ Kh5 50. Ra4 Kg5 51. Rb4 Kg6 52. Rg4+ $1 Rg5 (52... Kf6 $17 53. Rc4 Rh5) 53. Rh4 Rh5 54. Rg4+ $1 Kf6 55. Rf4+ Ke7 56. h4 Re5 57. Ra4 f5 58. Kf3 Kf6 59. Rb4 Kg6 (59... Rc5 $19 {and Black stays clearly on top.} 60. Ra4 h5) 60. Kf4 $17 Ra5 61. Kf3 (61. e4 $17 {might work better.}) 61... Kh5 ({Black should play} 61... Ra3 $19 62. Rd4 Kf6) 62. e4 $15 Ra3+ 63. Kf2 $1 f4 64. Rb6 Kg4 {And now ...Ra2+ would win.} 65. Rxe6 Ra2+ 66. Kg1 $1 Kf3 {Threatens to win with ...Ke3.} ({Don't take} 66... Kxh4 67. Rxh6+ Kg3 68. Rg6+ Kf3 69. e5 $15) 67. Rxh6 Ke3 68. e5 f3 69. e6 Rg2+ 70. Kh1 $2 {[%mdl 8192] [#]} (70. Kf1 $11) 70... Rg7 $2 (70... Rg8 $1 {mates} 71. Rf6 f2 72. h5 Ke2 73. Kh2 f1=Q 74. Rxf1 Kxf1 75. Kh3 Ke2 76. h6 Kf3 77. h7 Re8 78. Kh4 Kf4 79. Kh5 Kf5 80. Kh4 Kxe6 81. Kg4 Kf7 82. Kf5 Kg7 83. h8=N Kxh8 84. Kf6 Kg8 85. Kg5 Kf7 86. Kf5 Re1 87. Kf4 Kf6 88. Kg4 Re4+ 89. Kf3 Kf5 90. Kg3 Re3+ 91. Kg2 Kg4 92. Kf2 Re8 93. Kg2 Rf8 94. Kh1 Kh3 95. Kg1 Kg3 96. Kh1 Rf1#) 71. Kh2 $11 {The position is equal.} f2 72. Rf6 Ke2 73. Kh3 f1=R 74. Rxf1 Kxf1 {KR-KPP} 75. h5 Kf2 76. Kh4 Kf3 77. h6 Rg1 78. Kh5 Kf4 79. h7 Kf5 {[%cal Rg1h1]} 80. Kh6 {Strongly threatening e7.} Rg6+ 81. Kh5 Rg2 {[%cal Rg2h2]} (81... Rg1 $5 82. Kh6 $8 Rh1+ 83. Kg7 Kxe6 $11) 82. Kh6 Kxe6 {( -> ...Kf7)} 83. h8=Q {aiming for Qa8.} Rh2+ 84. Kg7 Rxh8 85. Kxh8 Ke5 {Accuracy: White = 69%, Black = 61%.} 1/2-1/2

[Event "6th Shamkir Chess 2019"]
[Site "Shamkir"]
[Date "2019.04.03"]
[Round "4.2"]
[White "Ding, Liren"]
[Black "Anand, Viswanathan"]
[Result "1/2-1/2"]
[WhiteElo "2812"]
[BlackElo "2779"]
[Annotator "TA"]
[PlyCount "67"]
[EventDate "2019.03.31"]
[EventType "tourn"]
[EventCountry "AZE"]
[SourceTitle "playchess.com"]
[Source "ChessBase"]
[SourceQuality "1"]

{[%evp 9,67,6,8,-1,11,0,0,0,0,-30,0,-24,-1,-37,-1,0,10,-22,-33,-53,-15,-3,0,-44,-43,-38,-38,-62,-63,-135,-66,-61,-56,-66,-61,-63,-83,-66,-56,-35,-8,-6,-3,-41,-21,-57,-64,-54,-31,-31,-31,-39,-35,-34,0,0,0,-35,0,-6]} 1. d4 Nf6 2. c4 e6 3. Nf3 d5 4. Nc3 Be7 5. cxd5 exd5 6. Qc2 {D35: Queen's Gambit Declined: Exchange Variation} (6. h3 O-O 7. Bf4 c5 8. dxc5 Bxc5 9. e3 Nc6 10. Be2 d4 11. exd4 Bxd4 12. O-O Bxc3 13. bxc3 h6 {½-½ (39) Nakamura,H (2769)-Anand,V (2760) Stavanger 2018}) 6... c6 7. e3 Nbd7 8. Bd3 O-O 9. g4 Bb4 10. Bd2 Qe7 $146 ({Predecessor:} 10... Re8 11. g5 Bxc3 12. Bxc3 Ne4 13. h4 b6 14. O-O-O Bb7 15. h5 c5 16. g6 fxg6 17. hxg6 {0-1 (32) Moiseenko,A (2405)-Goloshchapov,A (2445) Kharkov 1998}) 11. Rg1 Bxc3 12. Bxc3 Ne4 13. g5 a5 14. a4 Re8 15. h4 b6 16. h5 Ba6 17. Bxe4 dxe4 18. Nh4 Qe6 19. Rg3 (19. Qd1 $15) 19... Bd3 (19... Rad8 $17 20. b3 c5) 20. Qd1 $15 b5 $1 21. axb5 cxb5 22. Ng2 b4 23. Nf4 Qf5 (23... Qc4 $5 24. Bd2 $8 Qb5 $11) 24. Bd2 Nb6 25. g6 $132 {[%mdl 2048] White puts up resistance} fxg6 26. hxg6 h6 27. Qg4 Qxg4 28. Rxg4 Nc4 29. Nxd3 exd3 30. d5 Ne5 ({Not} 30... Nxb2 $2 31. Bc1 $18) 31. Rg3 Nc4 32. Rg4 Ne5 ({Don't blunder} 32... Nxb2 $2 33. Bc1 $18) 33. Rg3 Nc4 34. Rg4 {Accuracy: White = 42%, Black = 42%.} 1/2-1/2

[Event "6th Shamkir Chess 2019"]
[Site "Shamkir"]
[Date "2019.04.03"]
[Round "4.3"]
[White "Topalov, Veselin"]
[Black "Carlsen, Magnus"]
[Result "1/2-1/2"]
[WhiteElo "2740"]
[BlackElo "2845"]
[Annotator "TA"]
[PlyCount "71"]
[EventDate "2019.03.31"]
[EventType "tourn"]
[EventCountry "AZE"]
[SourceTitle "playchess.com"]
[Source "ChessBase"]
[SourceQuality "1"]

{[%evp 12,71,25,12,19,19,33,9,10,10,11,18,6,0,19,11,30,27,21,10,15,0,0,0,0,0,0,0,0,0,0,0,0,0,0,0,0,0,0,0,0,0,0,0,0,0,0,0,0,0,0,0,0,0,0,0,0,0,0,0,0,0]} 1. d4 Nf6 2. c4 e6 3. Nc3 Bb4 4. Nf3 d5 5. cxd5 exd5 6. Bg5 h6 7. Bh4 O-O {D38: Queen's Gambit Declined: Ragozin Defence (4 Nf3 Bb4)} 8. e3 Bf5 9. Ne5 (9. Bd3 Bxd3 10. Qxd3 c6 11. O-O Nbd7 12. Ne5 Be7 13. f4 Nb6 14. Bxf6 Bxf6 15. Rf3 Qe7 16. Raf1 Nd7 17. e4 dxe4 18. Nxe4 Rad8 19. Ng4 h5 20. Nexf6+ Nxf6 {½-½ (37) Edouard,R (2643)-So,W (2765) chess.com INT 2019}) 9... c5 10. Bd3 cxd4 11. exd4 Bxd3 12. Qxd3 Qd6 $146 ({Predecessor:} 12... Bxc3+ 13. bxc3 Qd6 14. Bxf6 Qxf6 15. O-O Qd6 16. Ng4 Nd7 {½-½ (16) Williams,S (2437)-Stefansson,H (2514) Reykjavik 2017}) 13. Bxf6 Qxf6 14. O-O Bxc3 15. Qxc3 {The position is equal.} Re8 16. Rac1 Nc6 17. Nxc6 Qxc6 18. Qxc6 bxc6 19. Rxc6 $11 {[%mdl 4096] Endgame KRR-KRR} Re2 20. Ra6 Rxb2 21. g3 Re8 22. Rxa7 Ree2 23. Ra5 Rxa2 24. Rxd5 Red2 25. h4 Ra4 26. Kg2 (26. h5 {feels hotter.} Raxd4 27. Rb5 g6 28. Kg2 Kg7 29. Rfb1) 26... Raxd4 27. Rxd4 Rxd4 {KR-KR} 28. Kf3 h5 29. Kg2 g6 30. Kf3 Kg7 31. Kg2 Rd5 32. Kf3 Rf5+ 33. Kg2 Rd5 34. Kf3 Rf5+ 35. Kg2 Rd5 36. Kf3 {Accuracy: White = 77%, Black = 85%.} 1/2-1/2